| 000 | 00330nam a22001337a 4500 | ||
|---|---|---|---|
| 020 | _a9788122412550 | ||
| 082 | _a621.833 CHA | ||
| 100 |
_aChawathe, D.D _969643 |
||
| 245 | _aHandbook of gear technology | ||
| 260 |
_aIndia _bNew AGE _c2011 |
||
| 300 | _axii,951 P | ||
| 650 |
_aHandbook of Gear Technology _969644 |
||
| 942 | _cBK | ||
| 999 |
_c576843 _d576843 |
||